Govt. of
Madhya Pradesh

India's Unity Culture And Contribution (Record no. 14897)

MARC details
000 -LEADER
fixed length control field 003580000a22001570004500
001 - CONTROL NUMBER
control field 002991
003 - CONTROL NUMBER IDENTIFIER
control field MACL
040 ## - CATALOGING SOURCE
Original cataloging agency MACL
090 ## - LOCALLY ASSIGNED LC-TYPE CALL NUMBER (OCLC); LOCAL CALL NUMBER (RLIN)
-- 14984
-- 14983
100 ## - MAIN ENTRY--PERSONAL NAME
Personal name Mishr, Ramprasad
245 ## - TITLE STATEMENT
Title India's Unity Culture And Contribution
Statement of responsibility, etc. Ramprasad Mishr
260 ## - PUBLICATION, DISTRIBUTION, ETC. (IMPRINT)
Place of publication, distribution, etc. Indian Publishers,
Date of publication, distribution, etc. 2000
350 ## - PRICE (NR) (BK AM CF MU VM SE) [OBSOLETE]
Price 295
650 ## - SUBJECT ADDED ENTRY--TOPICAL TERM
Topical term or geographic name as entry element Religion
942 ## - ADDED ENTRY ELEMENTS (KOHA)
Call number prefix 295
Koha item type Library Membar
Holdings
Withdrawn status Lost status Source of classification or shelving scheme Damaged status Not for loan Home library Current library Date acquired Cost, normal purchase price Total Checkouts Full call number Barcode Date last seen Uniform Resource Identifier Price effective from Koha item type
          MACL MACL 15/04/2015 295.00   295.5 MIS CRE013762 02/05/2024 14786 15/04/2015 Books